| 000 | 01762cam a22005054i 4500 | ||
|---|---|---|---|
| 003 | PE-LiUPU | ||
| 005 | 20250731165513.0 | ||
| 008 | 150623s r 000 0 d | ||
| 020 | _a031022912X | ||
| 035 | _a(Sirsi) i9780310229124 | ||
| 040 |
_aPE-LiUPU _bspa _cPE-LiUPU _erda |
||
| 049 | _aPRUA | ||
| 082 | 0 | 4 |
_a220.32 _bE31 _221 |
| 245 | 0 | 0 |
_aNew international encyclopedia of bible words / _ceditado por Lawrence O. Richards. |
| 264 | 1 |
_aGrand Rapids, MI : _bZondervan Publishing House, _c1998. |
|
| 300 |
_a720 páginas ; _c24 centímetros |
||
| 336 |
_atext _2rdacontent |
||
| 337 |
_aunmediated _2rdamedia |
||
| 338 |
_avolume _2rdacarrier |
||
| 490 | 0 | _a(Zondervan´s Understand the Bible Reference Series) | |
| 504 | _areferencias. | ||
| 505 | 0 | _aAbreviations for the books of the Bible. -Transliterations. -Dictionary. | |
| 526 | _aSEG44 | ||
| 526 | _aSEG26 | ||
| 526 | _aP151 | ||
| 526 | _aP150 | ||
| 526 | _aP149 | ||
| 526 | _aP146 | ||
| 526 | _aP145 | ||
| 526 | _aP126 | ||
| 526 | _aP125 | ||
| 526 | _aP92 | ||
| 526 | _aP75 | ||
| 526 | _aP74 | ||
| 526 | _aP27 | ||
| 526 | _aP15 | ||
| 630 |
_aBiblia _vEnciclopedias. |
||
| 700 | 1 |
_aRichards, Lawrence O., _eed. |
|
| 942 |
_2ddc _cBOOK |
||
| 949 |
_aRC 220.32 E31 _wDEWEY _c1 _i48816 _lCCODEBUL1 _mBUL _r0 _sY _tBOOK _u2015-6-24 _xTEOLOGIA _PP35 _0COMPRA _o.CIRCNOTE. No olvidar cambiar la fecha de devolución!!!!!!! _o.STAFF. Colección General |
||
| 994 |
_aC0 _bPEPRU |
||
| 596 | _a1 | ||
| 999 |
_aRC 220.32 E31 _wDEWEY _c27976 _i48816 _d27976 _f2021-11-8 _g6 _lCCODEBUL1 _mBUL _q2 _r1 _sY _tBOOK _u2015-6-24 _xTEOLOGIA _PP35 _0COMPRA _o.CIRCNOTE. No olvidar cambiar la fecha de devolución!!!!!!! _o.STAFF. Colección General |
||
| 980 |
_81 _gALBERTO SANCHEZ Responsable de Automatización |
||